00272nam a2200097Ia 4500008004100000082001200041100001800053245008500071260000900156300000900165190415s9999 xx 000 0 und d aRR.004; aRastogi, S.R. 0aSocio-psychological effects of sterlization : A study of acceptors in rural Utta c1983 a73p.